000
00248nam a2200097Ia 4500
001
711428
005
20250826162808.0
008
250824s9999 xx 000 0 und d
245
0
_a
BİR VARMIŞ BİR YOKMUŞ
_c
AYŞE KULİN
260
_b
EVEREST YAYINLARI
999
_c
711428
_d
711428